000 00736cab a2200229 4500
001 WB3309-26
008 090401t1997 xxu||||| |||| 00| 0 eng d
035 _a(Sirsi) u59829
041 _aeng
245 _aPFI warehouse
260 _c1997
350 _a0
490 _aBuilding
_v262(7978) 21 February 1997, 12(1)
520 _aGovernment offices for the North-West and Merseyside and accountant KPMG have set up a pilot scheme known as a `PFI warehouse` to smooth the passage of private finance projects.
650 _aINFORMATION EXCHANGE
650 _aPFI WAREHOUSE
650 _aPFI
650 _aPRIVATE FINANCE INITIATIVE
690 _aPROPERTY-PROPERTY FINANCE AND INVESTMENT
942 _n0
948 _c04/03/1997
999 _c36790
_d36790